[Event "Joao Pessoa Botvinnik Memorial"]
[Site "Joao Pessoa"]
[Date "2017.07.24"]
[Round "2.1"]
[White "Trigueiro, Hamilton Nobrega"]
[Black "De Lima, Claudionor Henrique"]
[Result "0-1"]
[WhiteElo "1544"]
[BlackElo "1604"]
[PlyCount "78"]
[EventDate "2017.07.17"]
[EventType "tourn"]
[EventRounds "7"]
[EventCountry "BRA"]
[SourceTitle "EXT 2022"]
[Source "ChessBase"]
[SourceDate "2021.10.06"]
[SourceVersion "1"]
[SourceVersionDate "2021.10.06"]
[SourceQuality "1"]

1. e4 e5 2. Nc3 Bc5 3. Nf3 Nc6 4. Bc4 Nd4 5. d3 d6 6. h3 h6 7. Be3 a5 8. a3 Qf6 9. Nd5 Qd8 10. c3 Ne6 11. b4 axb4 12. axb4 Rxa1 13. Qxa1 Bxe3 14. Nxe3 Nf6 15. 0-0 0-0 16. Nd5 Nxd5 17. Bxd5 c6 18. Bb3 Nf4 19. Rd1 Qf6 20. d4 Nxh3+ 21. Kf1 Nf4 22. dxe5 dxe5 23. c4 Qg6 24. Nh4 Qg4 25. g3 Qh3+ 26. Ke1 Ng2+ 27. Kd2 Nxh4 28. Rh1 Nf3+ 29. Ke3 Qg4 30. Bd1 Rd8 31. Bxf3 Qg5+ 32. Ke2 Qd2+ 33. Kf1 Qd3+ 34. Kg2 f6 35. Rd1 Bh3+ 36. Kxh3 Qxf3 37. Rxd8+ Kh7 38. Qa8 h5 39. Qc8 Qh1# 0-1

[Event "Paraiban-ch op"]
[Site "Joao Pessoa"]
[Date "2017.01.14"]
[Round "3"]
[White "Baltar, Petrov Ferreira"]
[Black "De Lima, Claudionor Henrique"]
[Result "0-1"]
[WhiteElo "1733"]
[BlackElo "1605"]
[PlyCount "42"]
[EventDate "2017.01.12"]
[EventType "swiss"]
[EventRounds "6"]
[EventCountry "BRA"]
[SourceTitle "CBM 176 Extra"]
[Source "ChessBase"]
[SourceDate "2017.03.02"]
[SourceVersion "1"]
[SourceVersionDate "2017.03.02"]
[SourceQuality "1"]

1. d4 d5 2. Bf4 Nf6 3. e3 Nc6 4. Nf3 Bg4 5. h3 Bxf3 6. Qxf3 e6 7. Nc3 Bb4 8. Bd3 Bxc3+ 9. bxc3 Qe7 10. a4 0-0 11. Bg5 e5 12. Bb5 exd4 13. Bxc6 bxc6 14. cxd4 Qb4+ 15. Kf1 Ne4 16. Qh5 Qd2 17. Bh4 Qxc2 18. Qe2 Qxe2+ 19. Kxe2 Rab8 20. Rab1 Rxb1 21. Rxb1 Nc3+ 0-1

[Event "Paraiban-ch op"]
[Site "Joao Pessoa"]
[Date "2017.01.12"]
[Round "1"]
[White "Da Silva Tomaz, Luiz Antonio"]
[Black "De Lima, Claudionor Henrique"]
[Result "1-0"]
[WhiteElo "2095"]
[BlackElo "1605"]
[PlyCount "45"]
[EventDate "2017.01.12"]
[EventType "swiss"]
[EventRounds "6"]
[EventCountry "BRA"]
[SourceTitle "CBM 176 Extra"]
[Source "ChessBase"]
[SourceDate "2017.03.02"]
[SourceVersion "1"]
[SourceVersionDate "2017.03.02"]
[SourceQuality "1"]

1. d4 d5 2. c4 c6 3. Nf3 Nf6 4. Nc3 Bg4 5. Ne5 Nbd7 6. Nxg4 Nxg4 7. cxd5 cxd5 8. Nxd5 e6 9. Nc3 Bd6 10. e4 Nxh2 11. e5 Nxf1 12. exd6 Ng3 13. fxg3 Nf6 14. Qa4+ Nd7 15. Bf4 Qb6 16. 0-0-0 0-0-0 17. Rh5 h6 18. Rb5 Qa6 19. Ra5 Qc6 20. Rxa7 Qxa4 21. Nxa4 g5 22. Ra8+ Nb8 23. Nb6# 1-0

[Event "Paraibano-ch sf"]
[Site "Joao Pessoa"]
[Date "2016.10.16"]
[Round "4.7"]
[White "Dantas, Francisco"]
[Black "De Lima, Claudionor Henrique"]
[Result "1-0"]
[WhiteElo "1927"]
[BlackElo "1574"]
[PlyCount "79"]
[EventDate "2016.10.14"]
[EventType "swiss"]
[EventRounds "5"]
[EventCountry "BRA"]
[SourceTitle "EXT 2022"]
[Source "ChessBase"]
[SourceDate "2021.10.06"]
[SourceVersion "1"]
[SourceVersionDate "2021.10.06"]
[SourceQuality "1"]

1. d4 d5 2. c4 c6 3. cxd5 cxd5 4. Nc3 Nf6 5. Bf4 e6 6. Nf3 h5 7. e3 Ne4 8. h3 Nc6 9. Bd3 g5 10. Bh2 g4 11. Ne5 Qf6 12. Bxe4 dxe4 13. Nxc6 bxc6 14. Be5 Qh6 15. Bxh8 Qxh8 16. hxg4 h4 17. Qc2 f5 18. gxf5 exf5 19. 0-0-0 Be7 20. Kb1 Rb8 21. Qa4 Qf6 22. Nd5 Qd6 23. Nxe7 Kxe7 24. Qxa7+ Rb7 25. Qc5 Qxc5 26. dxc5 Rb5 27. Rc1 Ba6 28. Rxh4 Ra5 29. b3 Bd3+ 30. Kb2 Ra6 31. b4 Kf6 32. Rh6+ Kg5 33. Rd6 f4 34. Rh1 fxe3 35. fxe3 Bc4 36. a3 Bd5 37. Rhh6 Ra8 38. Rdg6+ Kf5 39. g4+ Ke5 40. Rh5# 1-0

[Event "Natal Potiguar op 10th"]
[Site "Natal"]
[Date "2015.07.05"]
[Round "5"]
[White "De Lima, Claudionor Henrique"]
[Black "Da Silva, Pedro Mendes Jr"]
[Result "1-0"]
[WhiteElo "1557"]
[BlackElo "1800"]
[PlyCount "45"]
[EventDate "2015.07.03"]
[EventType "swiss"]
[EventRounds "6"]
[EventCountry "BRA"]
[SourceTitle "CBM 167 Extra"]
[Source "ChessBase"]
[SourceDate "2015.09.14"]
[SourceVersion "1"]
[SourceVersionDate "2015.09.14"]
[SourceQuality "1"]

1. e4 e5 2. Nf3 Nf6 3. Nc3 Bb4 4. Bc4 0-0 5. h4 Nc6 6. Nd5 d6 7. a4 Bg4 8. c3 Bc5 9. b4 Bxf2+ 10. Kxf2 a6 11. Nxf6+ Qxf6 12. d3 h6 13. Be3 Bd7 14. Qd2 a5 15. b5 Ne7 16. Rag1 Bg4 17. h5 Bxf3 18. gxf3 c6 19. Bxh6 Kh7 20. Bxg7 Qxg7 21. Rxg7+ Kxg7 22. Qg5+ Kh7 23. Qxe7 1-0

[Event "Paraiban-ch op"]
[Site "Cabo Branco"]
[Date "2015.06.06"]
[Round "4"]
[White "De Lima, Claudionor Henrique"]
[Black "Da Silva Filho, Joaquim Virgolino"]
[Result "1-0"]
[WhiteElo "1560"]
[BlackElo "1606"]
[PlyCount "53"]
[EventDate "2015.06.04"]
[EventType "swiss"]
[EventRounds "5"]
[EventCountry "BRA"]
[SourceTitle "CBM 167 Extra"]
[Source "ChessBase"]
[SourceDate "2015.09.14"]
[SourceVersion "1"]
[SourceVersionDate "2015.09.14"]
[SourceQuality "1"]

1. e4 e5 2. Qh5 Nc6 3. Nf3 Nf6 4. Qh4 Be7 5. Nc3 d5 6. exd5 Nxd5 7. Qc4 Be6 8. Nxd5 Bxd5 9. Qc3 Bf6 10. Qc5 Be7 11. Qe3 Bf6 12. Bb5 0-0 13. h4 e4 14. Ng5 h6 15. c4 Bxg5 16. hxg5 Qxg5 17. Qh3 Be6 18. Qh2 Nd4 19. Ba4 Bxc4 20. d3 Qa5+ 21. Bd2 Qxa4 22. Bxh6 Nc2+ 23. Kd2 Qb4+ 24. Kxc2 Bxd3+ 25. Kd1 Qd4 26. Bd2 g6 27. Qh7# 1-0

[Event "Joao Pessoa-ch"]
[Site "Joao Pessoa"]
[Date "2014.08.03"]
[Round "5"]
[White "Lopes, Bianca Luanna Barro"]
[Black "De Lima, Claudionor Henrique"]
[Result "0-1"]
[WhiteElo "1773"]
[BlackElo "1560"]
[PlyCount "39"]
[EventDate "2014.08.01"]
[EventType "swiss"]
[EventRounds "6"]
[EventCountry "BRA"]
[SourceTitle "CBM 161 Extra"]
[Source "ChessBase"]
[SourceDate "2014.08.29"]
[SourceVersion "1"]
[SourceVersionDate "2014.08.29"]
[SourceQuality "1"]

1. e4 e5 2. Nf3 Nc6 3. Bb5 Nd4 4. Bc4 a6 5. Nxe5 Qg5 6. 0-0 Qxe5 7. c3 Nc6 8. d4 Qe7 9. Bf4 d6 10. Nd2 Bd7 11. Be3 h5 12. Bd3 Nf6 13. Bg5 0-0-0 14. b4 Na7 15. a4 Qe6 16. Be2 Be7 17. Bxf6 gxf6 18. Nf3 Rhg8 19. g3 h4 20. a5 0-1

[Event "Joao Pessoa-ch"]
[Site "Joao Pessoa"]
[Date "2014.08.02"]
[Round "4"]
[White "De Lima, Claudionor Henrique"]
[Black "Dantas, Francisco"]
[Result "0-1"]
[WhiteElo "1560"]
[BlackElo "1996"]
[PlyCount "41"]
[EventDate "2014.08.01"]
[EventType "swiss"]
[EventRounds "6"]
[EventCountry "BRA"]
[SourceTitle "CBM 161 Extra"]
[Source "ChessBase"]
[SourceDate "2014.08.29"]
[SourceVersion "1"]
[SourceVersionDate "2014.08.29"]
[SourceQuality "1"]

1. e4 c5 2. Nf3 Nc6 3. Nc3 e5 4. Bc4 h6 5. a3 Nf6 6. Nd5 d6 7. d3 Bg4 8. c3 Nxd5 9. Bxd5 Qf6 10. h3 Bd7 11. Qb3 Rb8 12. Be3 Be7 13. Qc2 0-0 14. 0-0-0 b5 15. Qd2 b4 16. Bxc6 Bxc6 17. cxb4 cxb4 18. axb4 Ba4 19. Bxa7 Rbc8+ 20. Kb1 Ra8 21. Bb6 0-1

[Event "Joao Pessoa op 5th"]
[Site "Joao Pessoa"]
[Date "2014.03.16"]
[Round "5"]
[White "De Lima, Claudionor Henrique"]
[Black "De Moura Filho, Eny Nobrega"]
[Result "0-1"]
[WhiteElo "1619"]
[BlackElo "1568"]
[PlyCount "118"]
[EventDate "2014.03.14"]
[EventType "swiss"]
[EventRounds "6"]
[EventCountry "BRA"]
[SourceTitle "CBM 159 Extra"]
[Source "ChessBase"]
[SourceDate "2014.04.24"]
[SourceVersion "1"]
[SourceVersionDate "2014.04.24"]
[SourceQuality "1"]

1. e4 e5 2. Qh5 Qe7 3. Nf3 Nc6 4. Bb5 Nf6 5. Qf5 a6 6. Bxc6 dxc6 7. Qxe5 Nxe4 8. Qxe7+ Bxe7 9. d3 Nf6 10. Nc3 0-0 11. Bg5 h6 12. Bf4 Bd6 13. Be3 Re8 14. 0-0-0 Ng4 15. h3 Nxe3 16. fxe3 Rxe3 17. Ne4 Bf4 18. Kb1 Bf5 19. Rhe1 Rd8 20. Rxe3 Bxe3 21. Ng3 Bh7 22. Re1 Bf2 23. Re7 Bxg3 24. a3 Kf8 25. Re3 Re8 26. Rxe8+ Kxe8 27. b4 b5 28. Nd4 Kd7 29. Ka2 f6 30. a4 Bg8+ 31. Ka3 g6 32. axb5 cxb5 33. Nf3 Kd6 34. Nd2 Kd5 35. Ne4 Bh4 36. g3 f5 37. Nc5 Bxg3 38. Nxa6 Be5 39. Nc5 f4 40. Kb3 Kd4+ 41. c4 f3 42. Ne4 Kxd3 43. Nf2+ Ke2 44. Ng4 Bxc4+ 45. Ka3 Bg7 46. h4 Bd3 47. h5 Bf5 48. Nh2 f2 49. hxg6 Be5 50. g7 Bxg7 51. Kb3 Be5 52. Ka3 Bxh2 53. Kb3 f1Q 54. Ka3 Qa1+ 55. Kb3 Be6+ 56. Kc2 Bf5+ 57. Kb3 Qa4+ 58. Kb2 Be5+ 59. Kc1 Qa1# 0-1

[Event "Joao Pessoa op 5th"]
[Site "Joao Pessoa"]
[Date "2014.03.14"]
[Round "2"]
[White "De Lima, Claudionor Henrique"]
[Black "Baltar, Petrov Ferreira"]
[Result "0-1"]
[WhiteElo "1619"]
[BlackElo "1816"]
[PlyCount "32"]
[EventDate "2014.03.14"]
[EventType "swiss"]
[EventRounds "6"]
[EventCountry "BRA"]
[SourceTitle "CBM 159 Extra"]
[Source "ChessBase"]
[SourceDate "2014.04.24"]
[SourceVersion "1"]
[SourceVersionDate "2014.04.24"]
[SourceQuality "1"]

1. e4 e5 2. Nf3 Nf6 3. Bc4 Bc5 4. Nxe5 Bxf2+ 5. Kxf2 Nxe4+ 6. Kg1 d5 7. Bd3 0-0 8. Bxe4 dxe4 9. Nc3 Qd4+ 10. Kf1 Qxe5 11. Qe2 f5 12. b3 b6 13. Bb2 Ba6 14. d3 Qf4+ 15. Ke1 Qd6 16. Kd2 Nc6 0-1

[Event "Joao Pessoa op"]
[Site "Joao Pessoa"]
[Date "2013.06.01"]
[Round "5"]
[White "De Lima, Claudionor Henrique"]
[Black "De Lira Machado, Alexandre Henri"]
[Result "0-1"]
[WhiteElo "1733"]
[BlackElo "2068"]
[PlyCount "44"]
[EventDate "2013.05.30"]
[EventType "swiss"]
[EventRounds "6"]
[EventCountry "BRA"]
[SourceTitle "CBM 154 Extra"]
[Source "ChessBase"]
[SourceDate "2013.06.25"]
[SourceVersion "2"]
[SourceVersionDate "2013.06.25"]
[SourceQuality "1"]

1. e4 c5 2. Nf3 e6 3. d4 cxd4 4. Qxd4 a6 5. Nc3 Nc6 6. Qd1 Be7 7. Bd3 b5 8. a3 Bb7 9. Be3 d6 10. h3 Qc7 11. Bg5 Nf6 12. h4 h6 13. Be3 Ng4 14. Qd2 Nce5 15. Nxe5 dxe5 16. f3 Nxe3 17. Qxe3 Bc5 18. Qe2 b4 19. axb4 Bxb4 20. Bxa6 0-0 21. 0-0 Qb6+ 22. Kh1 Bxa6 0-1